| 000 | 01536nam a2200337 i 4500 | ||
|---|---|---|---|
| 001 | 768714001 | ||
| 003 | CO-MdFUSB | ||
| 005 | 20250821182109.0 | ||
| 008 | 250821t1991 -us |||g |||| 00| 0 spa d | ||
| 020 | _a0-8254-1890-9 | ||
| 040 |
_aCO-MdFUSB _bspa _cCO-MdFUSB _dCO-MdFUSBC _erda |
||
| 041 | _aeng | ||
| 082 |
_223 _a248.8 _bW933 |
||
| 100 |
_aWright, H. Norman _eautor |
||
| 240 | _aAlways Daddy´s Girl | ||
| 245 |
_aSiempre seré tu niña pequeña _c/ H. Norman Wright ; Rhode Flores Barceló |
||
| 264 | 1 |
_aGrand Rapids, Michigan, United States _bPortavoz, _c[1991] |
|
| 264 | 4 | _c©1991 | |
| 300 |
_a240 páginas _c22 cm. |
||
| 336 |
_2rdacontent _atexto _btxt |
||
| 337 |
_2rdamedia _asin mediación _bn |
||
| 338 |
_2rdacarrier _avolumen _bnc |
||
| 504 | _apágina 240 | ||
| 505 | _aHáblame acerca de tu padre. -- Imágenes de tu padre. -- ¿Por qué me decepcionó papá?. -- ¿Por qué me abandonó papá?. -- ¿Por qué papá ya no viene aquí?. -- ¿Quién era ese espectro?. -- ¿Por qué mi padre sigue aún dirigiendo mi vida?. -- ¿Ha sido mi familia una familia sana?. -- Papeles disfuncionales: ¿Represento yo uno?. -- Tu identidad, ¿a cuál de tus progenitores te pareces?. -- Perdona a tu padre. -- El don del perdón. -- Libera a tu padre. -- Una carta para los padres que tienen hijas. | ||
| 563 | _arústico | ||
| 650 | 0 |
_aVida cristiana _919 |
|
| 653 | _arelaciones familiares | ||
| 700 |
_aFlores, Rhode, _92030 _etraductor |
||
| 942 | _cBK | ||
| 945 | _aEstudiante Juan Pablo Eusse | ||
| 999 |
_c71413 _d71413 |
||